LEADER 01641nam0 22003733i 450 001 VAN00293666 005 20250529100457.594 017 70$2N$a9783031705694 100 $a20250529d2024 |0itac50 ba 101 $aeng 102 $aCH 105 $a|||| ||||| 181 $ai$b e 182 $ab 183 $acr 200 1 $aGreenhouse Gas Regulating Microorganisms in Soil Ecosystems$ePerspectives for Climate Smart Agriculture$fSantosh R. Mohanty, Bharati Kollah editors 210 $aCham$cSpringer$d2024 215 $aIX, 351 p.$cill.$d24 cm 620 $aCH$dCham$3VANL001889 676 $a577$cEcologia$v22 676 $a630$cAgricoltura e tecnologie connesse$v22 702 1$aKollah$bBharati$3VANV249565 702 1$aMohanty$bSantosh R.$3VANV249561 712 $aSpringer $3VANV108073$4650 790 1$aMohanty, S. R.$zMohanty, Santosh R.$3VANV249563 790 1$aMohanty, S.R.$zMohanty, Santosh R.$3VANV249564 801 $aIT$bSOL$c20250530$gRICA 856 4 $uhttps://link.springer.com/openurl?genre=book&isbn=978-3-031-70569-4$zE-book - Accesso al full-text attraverso riconoscimento IP di Ateneo, proxy e/o Shibboleth 899 $aBIBLIOTECA DEL DIPARTIMENTO DI SCIENZE E TECNOLOGIE AMBIENTALI BIOLOGICHE E FARMACEUTICHE$1IT-CE0101$2VAN17 912 $fN 912 $aVAN00293666 950 $aBIBLIOTECA DEL DIPARTIMENTO DI SCIENZE E TECNOLOGIE AMBIENTALI BIOLOGICHE E FARMACEUTICHE$d17CONS e-book 2395 $e17BIB2395/464 464 20250529 996 $aGreenhouse Gas Regulating Microorganisms in Soil Ecosystems$94215040 997 $aUNICAMPANIA LEADER 03434nam 22003973a 450 001 9910917275503321 005 20250203232758.0 035 $a(CKB)36719742200041 035 $a(ScCtBLL)bf1212e2-869b-45f7-96b5-da141f0b172a 035 $a(OCoLC)1139834508 035 $a(oapen)doab26785 035 $a(EXLCZ)9936719742200041 100 $a20250203i20082019 uu 101 0 $ager 135 $aur||||||||||| 181 $ctxt$2rdacontent 182 $cc$2rdamedia 183 $acr$2rdacarrier 200 00$aKulturraum Österreich : $eDie Identität der Regionen in der bildenden Kunst des 19. Jahrhunderts /$fWerner Telesko$hVolume 2 210 $d2008 210 1$a[s.l.] :$cBöhlau,$d2008. 215 $a1 online resource (1 p.) 311 08$a9783205777205 311 08$a3205777204 330 $aWhile the first volume of the overalll work, which was published as "The historical Area of Austria" ("Geschichtsraum Österreich") in 2006, focused on the Hapsburgian "whole state" from the perspective of the most important phenomena and protagonists of the "Hapsburgian iconography", this second and concluding volume examines multifarious visualisations of the regional and supraregional historical myths of the 19th century in Vienna, the "centre", and in the regions, i.e. the Austrian Crownlands (part of which are identical with today´s federal provinces of the Republic of Austria). The difficult relationship between the "whole state" and the Crownlands constitutes the entire, extremely complex spectrum of reflections on Austrian 19th century history. Here, the kinds of methods and concrete goals with which regional memorial foundations interact or compete with dynastic strategies is a pivotal issue - on that has been examined only far too rarely in the past. Hence the present work intends to discuss both art-historical and historical phenomena with explore various historical reflections at the - frequently neglected - "periphery" and investigate visual approaches to one´s "own" history from the "present" of the 19th century (using prominent events such as the second Ottoman siege of 1683 and the "wars of liberation" against Napoleon as an example). The degrees of complexity, quantitative permeation and significant contrasts between Vienna - the "centre" - and the "provinces" in their different reflections on Austrian history clearly begin to emerge when we examine an extensive range of topics against the background of competing national, regional and communal strategies. Compared to the first volume "The historical Area of Austria", the perspective of the multifarious "historical area of Austria" shifts from the "whole state" to an analysis of a highly distinct "plurality of areas" (Karl Schlögel) with its own intrinsic laws. Such diversity is also an essential factor when we come to investigate the prolific amount of Austrian landscape art in the 19th century and the role it played in forging identity. It graphically demonstrates that a deeper understanding of Austria´s federal structures is not possible without gaining a comprehensive insight into 19th century history. 606 $aArt / History$2bisacsh 606 $aArts 615 7$aArt / History 615 0$aArts. 700 $aTelesko$b Werner$0801909 801 0$bScCtBLL 801 1$bScCtBLL 906 $aBOOK 912 $a9910917275503321 996 $aKulturraum Österreich$91803173 997 $aUNINA